[Event "Xtracon Chess Open 2016"]
[Site "Elsinore"]
[Date "2016.07.29"]
[Round "8.20"]
[White "Veng, Johnny"]
[Black "Tarjan, James E"]
[Result "0-1"]
[WhiteElo "2280"]
[BlackElo "2447"]
[PlyCount "66"]
[EventDate "2016.07.23"]

1. c4 e5 2. g3 Nf6 3. Bg2 d5 4. cxd5 Nxd5 5. Nf3 Nc6 6. d3 Be7 7. O-O O-O 8. a3
a5 9. b3 Bf6 10. e4 Nb6 11. Qc2 Bg4 12. Be3 Bxf3 13. Bxf3 Nd4 14. Bxd4 Qxd4 15.
Nc3 c6 16. Na4 Be7 17. Nxb6 Qxb6 18. d4 Qxd4 19. Rfd1 Qb6 20. Be2 Bc5 21. Bc4
Bd4 22. Rab1 g6 23. b4 axb4 24. Rxb4 Qc7 25. Rdb1 b6 26. a4 Kg7 27. Bd3 Rfd8
28. R1b3 Rd6 29. Kg2 Qd7 30. f3 Bc5 31. Rc4 Rd8 32. Rcc3 Bd4 33. Rc4 Ba1 0-1

[Event "Xtracon Chess Open 2016"]
[Site "Elsinore"]
[Date "2016.07.29"]
[Round "8.21"]
[White "Taylor, Adam C"]
[Black "Ochsner, Bjorn Moller"]
[Result "0-1"]
[WhiteElo "2254"]
[BlackElo "2417"]
[PlyCount "122"]
[EventDate "2016.07.23"]

1. Nf3 d5 2. c4 d4 3. g3 Nc6 4. Bg2 e5 5. d3 Nf6 6. O-O Bd6 7. e3 dxe3 8. Bxe3
O-O 9. h3 Be6 10. Nc3 Qd7 11. Ng5 Bf5 12. Nce4 Be7 13. Qf3 Bxe4 14. Nxe4 Qxd3
15. Nxf6+ Bxf6 16. Bc5 Qxf3 17. Bxf3 Rfd8 18. Rab1 a5 19. b3 Rab8 20. Kg2 Be7
21. Be3 Nd4 22. Rfd1 Nxf3 23. Kxf3 f5 24. Rd5 Rxd5 25. cxd5 Rd8 26. Rc1 Rd7 27.
g4 g6 28. Ke2 Kf7 29. f3 Ke8 30. Bd2 b6 31. Be3 Bd8 32. Rd1 Rf7 33. Rf1 Kd7 34.
Kd3 e4+ 35. Ke2 fxg4 36. hxg4 exf3+ 37. Rxf3 Rxf3 38. Kxf3 h5 39. gxh5 gxh5 40.
Bf4 Be7 41. Be5 b5 42. Bf4 a4 43. bxa4 bxa4 44. Be5 h4 45. Kg4 Bd6 46. Bg7 Bg3
47. Bf8 c6 48. dxc6+ Kxc6 49. Be7 Kb5 50. Bf6 Kc4 51. Bg7 Kd3 52. Bf8 Kc2 53.
Bc5 Kb2 54. a3 Kb3 55. Be7 Be1 56. Bd6 Bc3 57. Kxh4 Bb2 58. Kg4 Bxa3 59. Be5
Bb4 60. Kf3 a3 61. Ke2 Bc3 0-1

[Event "Xtracon Chess Open 2016"]
[Site "Elsinore"]
[Date "2016.07.29"]
[Round "8.22"]
[White "Ranaldi, Lucas"]
[Black "Holm, Kristian Stuvik"]
[Result "1/2-1/2"]
[WhiteElo "2228"]
[BlackElo "2411"]
[PlyCount "41"]
[EventDate "2016.07.23"]

1. d4 e6 2. c4 Nf6 3. Nc3 Bb4 4. Qc2 d6 5. Nf3 O-O 6. Bd2 Nc6 7. a3 Bxc3 8.
Bxc3 Re8 9. e3 a5 10. b3 e5 11. dxe5 dxe5 12. h3 Nd4 13. Qb2 Nxf3+ 14. gxf3 Qe7
15. Bd3 b6 16. Rg1 Kh8 17. O-O-O Bb7 18. f4 Ne4 19. Bxe5 f6 20. Bxe4 Bxe4 21.
Bc3 1/2-1/2

[Event "Xtracon Chess Open 2016"]
[Site "Elsinore"]
[Date "2016.07.29"]
[Round "8.23"]
[White "Kristiansen, Jens"]
[Black "Tryggestad, Andreas Garberg"]
[Result "1/2-1/2"]
[WhiteElo "2410"]
[BlackElo "2216"]
[PlyCount "86"]
[EventDate "2016.07.23"]

1. e4 c5 2. d3 e6 3. Nf3 d5 4. Nbd2 Nc6 5. g3 Nf6 6. Bg2 g6 7. O-O Bg7 8. Re1
O-O 9. c3 a5 10. e5 Ng4 11. d4 cxd4 12. cxd4 f6 13. h3 Nxf2 14. Kxf2 fxe5 15.
dxe5 Qb6+ 16. Kf1 Bxe5 17. Qb3 Qxb3 18. Nxb3 Bxg3 19. Bh6 Rf5 20. Red1 a4 21.
Nbd4 Nxd4 22. Rxd4 e5 23. Rg4 Bh2 24. Ke1 Bf4 25. Bxf4 exf4 26. Kf2 Rf6 27. Rg5
Bf5 28. Nh4 Be4 29. Re1 Rc8 30. Bxe4 dxe4 31. Rxe4 Rc2+ 32. Re2 Rxe2+ 33. Kxe2
Rb6 34. Kf3 Rxb2 35. Kxf4 a3 36. Nf3 Rxa2 37. Ra5 Ra1 38. Ra8+ Kg7 39. Ra7 a2
40. Rxb7+ Kf6 41. Rb6+ Ke7 42. Ra6 h6 43. Kg3 Kf8 1/2-1/2

[Event "Xtracon Chess Open 2016"]
[Site "Elsinore"]
[Date "2016.07.29"]
[Round "8.24"]
[White "Thybo, Jesper Sondergaard"]
[Black "Akdag, Dara Sevkan"]
[Result "1-0"]
[WhiteElo "2385"]
[BlackElo "2213"]
[PlyCount "49"]
[EventDate "2016.07.23"]

1. d4 d5 2. c4 e6 3. Nf3 c6 4. e3 f5 5. Bd3 Bd6 6. Qc2 Nh6 7. Nc3 O-O 8. Ne5
Nd7 9. f4 Nxe5 10. fxe5 dxc4 11. Be2 Bc7 12. O-O c5 13. Nb5 cxd4 14. exd4 Bxe5
15. dxe5 Qb6+ 16. Kh1 Qxb5 17. Bxc4 Qxe5 18. Bxh6 gxh6 19. Rae1 Qf6 20. Qb3 Re8
21. Qb5 Kf8 22. Qc5+ Kg7 23. Rxf5 Qxb2 24. Qc7+ Kh8 25. Rf7 1-0

[Event "Xtracon Chess Open 2016"]
[Site "Elsinore"]
[Date "2016.07.29"]
[Round "8.25"]
[White "Colpe, Malte"]
[Black "Thogersen, Rasmus"]
[Result "1-0"]
[WhiteElo "2385"]
[BlackElo "2205"]
[PlyCount "55"]
[EventDate "2016.07.23"]

1. d4 Nf6 2. c4 g6 3. Nc3 Bg7 4. e4 d6 5. f4 O-O 6. Nf3 c5 7. d5 e6 8. Be2 exd5
9. cxd5 Re8 10. e5 dxe5 11. fxe5 Ng4 12. e6 fxe6 13. d6 Nc6 14. O-O Nge5 15.
Ne4 Nxf3+ 16. Bxf3 Nd4 17. Bg5 Qb6 18. Qa4 Nc6 19. Nf6+ Bxf6 20. Bxf6 Bd7 21.
Qh4 Rf8 22. Be4 Qb4 23. Rf4 Rxf6 24. Rxf6 Ne5 25. Raf1 Bc6 26. Qf4 Qd4+ 27. Kh1
Qxd6 28. Bxg6 1-0

[Event "Xtracon Chess Open 2016"]
[Site "Elsinore"]
[Date "2016.07.29"]
[Round "8.26"]
[White "Rewitz, Poul"]
[Black "Haubro, Martin"]
[Result "1-0"]
[WhiteElo "2202"]
[BlackElo "2370"]
[PlyCount "99"]
[EventDate "2016.07.23"]

1. g3 e5 2. Bg2 d5 3. c3 Nf6 4. d4 e4 5. Nh3 Bf5 6. f3 Bd6 7. Na3 c6 8. Nc2 O-O
9. O-O h6 10. Nf2 Re8 11. Ne3 Bh7 12. Bh3 c5 13. Qb3 cxd4 14. Nxd5 Nxd5 15.
Qxd5 Bxg3 16. Qxb7 Bxf2+ 17. Rxf2 e3 18. Bxe3 dxe3 19. Rg2 Na6 20. Qxa6 Qh4 21.
Bd7 Re7 22. Qa4 Qf6 23. Rd1 Bg6 24. Qc6 Rd8 25. Qxf6 gxf6 26. Rxg6+ Kf8 27.
Rxh6 Rdxd7 28. Rh8+ Kg7 29. Rd8 Rb7 30. b4 a5 31. R1d4 f5 32. Kg2 axb4 33. Rxb4
Rbc7 34. c4 Rc6 35. Kg3 Rh6 36. c5 Ree6 37. Rb2 f4+ 38. Kxf4 Rhf6+ 39. Kg3 Rg6+
40. Kh3 Rh6+ 41. Kg2 Reg6+ 42. Kh1 Rh5 43. Rbb8 Rc6 44. Rg8+ Kf6 45. Rb6 Rhxc5
46. Rxc6+ Rxc6 47. Re8 Rc3 48. Kg2 Kg5 49. Kg3 f5 50. h4+ 1-0

[Event "Xtracon Chess Open 2016"]
[Site "Elsinore"]
[Date "2016.07.29"]
[Round "8.27"]
[White "Leutwyler, Martin"]
[Black "Dauth, Benjamin"]
[Result "0-1"]
[WhiteElo "2145"]
[BlackElo "2367"]
[PlyCount "96"]
[EventDate "2016.07.23"]

1. d4 d5 2. c4 c6 3. Nf3 Nf6 4. e3 e6 5. b3 Be7 6. Bd3 O-O 7. O-O Ne4 8. Qc2 f5
9. Ba3 Nd7 10. Bxe7 Qxe7 11. Nc3 Qf6 12. Rac1 g5 13. Ne1 g4 14. f3 gxf3 15.
gxf3 Nxc3 16. Qxc3 Rf7 17. f4 Rg7+ 18. Kh1 Qh4 19. Qd2 Nf6 20. Nf3 Qh5 21. Ne5
Ng4 22. Qe2 Bd7 23. Rg1 Be8 24. Nxg4 fxg4 25. Rg3 Bg6 26. Rcg1 Bxd3 27. Qxd3
Qf5 28. Qe2 h5 29. R1g2 Qb1+ 30. Rg1 Qf5 31. R1g2 Qb1+ 32. Rg1 Qe4+ 33. Qg2 Qf5
34. h3 Kf7 35. hxg4 hxg4 36. Qe2 Rh8+ 37. Kg2 Rgh7 38. Kf2 Rh2+ 39. R1g2 Rxg2+
40. Rxg2 Rh4 41. Kg1 Qb1+ 42. Kf2 Qe4 43. Kg1 g3 44. Qe1 Qh7 45. Qxg3 Rh1+ 46.
Kf2 Qc2+ 47. Kf3 Qd1+ 48. Re2 Rf1+ 0-1

[Event "Xtracon Chess Open 2016"]
[Site "Elsinore"]
[Date "2016.07.29"]
[Round "8.28"]
[White "Sowray, Peter J"]
[Black "Andersen, Rune"]
[Result "1-0"]
[WhiteElo "2348"]
[BlackElo "2100"]
[PlyCount "101"]
[EventDate "2016.07.23"]

1. e4 c5 2. Nf3 Nc6 3. Bb5 g6 4. Bxc6 bxc6 5. O-O Bg7 6. Re1 f6 7. c3 Nh6 8. d4
cxd4 9. cxd4 Nf7 10. Nc3 d6 11. h3 O-O 12. b3 c5 13. dxc5 f5 14. Bb2 fxe4 15.
cxd6 exd6 16. Rxe4 Bb7 17. Re3 Ne5 18. Nxe5 Bxe5 19. Na4 Qg5 20. Qg4 Qf6 21.
Qe2 Qg5 22. f3 Bxb2 23. Nxb2 Qc5 24. Qc4+ Qxc4 25. Nxc4 Rad8 26. Rd1 d5 27.
Red3 Rd7 28. Ne3 Rfd8 29. Rd4 Kf7 30. Rc1 Ke6 31. Ng4 Kd6 32. f4 Rf8 33. h4 Rc7
34. Rxc7 Kxc7 35. Kf2 Kd6 36. Ke3 Rc8 37. Kd2 Rc7 38. Ne5 Bc8 39. Ra4 Bf5 40.
Ra6+ Kc5 41. Nd3+ Kb5 42. Rd6 Be4 43. g3 Bg2 44. Ke3 Re7+ 45. Ne5 Rc7 46. Kd4
Be4 47. Rd7 Rxd7 48. Nxd7 Kb4 49. Nf6 Ka3 50. Nxe4 dxe4 51. g4 1-0

[Event "Xtracon Chess Open 2016"]
[Site "Elsinore"]
[Date "2016.07.29"]
[Round "8.29"]
[White "McPhillips, Joseph"]
[Black "Madsen, Michael B"]
[Result "1-0"]
[WhiteElo "2341"]
[BlackElo "2089"]
[PlyCount "71"]
[EventDate "2016.07.23"]

1. e4 e6 2. d4 d5 3. Nc3 Bb4 4. Qd3 dxe4 5. Qxe4 Nf6 6. Qh4 c5 7. dxc5 Bxc3+ 8.
bxc3 Bd7 9. Nf3 Qa5 10. Qb4 Nc6 11. Qxa5 Nxa5 12. Ba3 Rc8 13. Bd3 Nc6 14. O-O
O-O 15. Rfe1 Rfe8 16. Rab1 Rc7 17. Nd2 Nd5 18. Ne4 Rb8 19. Bc1 f5 20. Ng5 Re8
21. Bd2 h6 22. Nf3 Bc8 23. Bxf5 Nd8 24. Bd3 Rxc5 25. Bb5 Nc6 26. c4 Nc7 27. Bb4
Rf5 28. Bxc6 bxc6 29. Bd6 Na6 30. Ne5 Rd8 31. c5 Kh7 32. Nxc6 Re8 33. Ne5 Rd8
34. h3 Bd7 35. g4 Rf6 36. Be7 1-0

[Event "Xtracon Chess Open 2016"]
[Site "Elsinore"]
[Date "2016.07.29"]
[Round "8.30"]
[White "Hofmann, Rares"]
[Black "Wadsworth, Matthew J"]
[Result "0-1"]
[WhiteElo "2118"]
[BlackElo "2325"]
[PlyCount "56"]
[EventDate "2016.07.23"]

1. e4 e6 2. d4 d5 3. Nc3 Bb4 4. e5 c5 5. a3 Bxc3+ 6. bxc3 Qa5 7. Bd2 Qa4 8. Qg4
g6 9. Bd3 Nc6 10. Nf3 c4 11. Be2 Qxc2 12. O-O f6 13. Qg3 fxe5 14. Rac1 Qf5 15.
Nh4 Qf7 16. dxe5 Nge7 17. Bg5 Bd7 18. Bf6 Rf8 19. Nf3 h6 20. Qh3 Ng8 21. Nd4
Nxd4 22. cxd4 Nxf6 23. exf6 h5 24. Rb1 b6 25. Qg3 Qxf6 26. Qc7 Qf4 27. Qb7 Qb8
28. Qa6 Qc8 0-1

[Event "Xtracon Chess Open 2016"]
[Site "Elsinore"]
[Date "2016.07.29"]
[Round "8.31"]
[White "Johansen, Paul"]
[Black "Haug, Johannes"]
[Result "1-0"]
[WhiteElo "2077"]
[BlackElo "2318"]
[PlyCount "79"]
[EventDate "2016.07.23"]

1. e4 c6 2. d4 d5 3. exd5 cxd5 4. Nf3 Bg4 5. h3 Bh5 6. c3 Nc6 7. Bb5 Qb6 8. Ba4
e6 9. O-O Nf6 10. Nbd2 Bd6 11. Qb3 Qc7 12. c4 O-O 13. c5 Bf4 14. Bxc6 Qxc6 15.
Re1 Nd7 16. Nf1 Bc7 17. Bd2 f6 18. a4 a6 19. g4 Bf7 20. Qc2 e5 21. b4 e4 22.
Nh4 h5 23. Nf5 hxg4 24. Ne7+ Kh7 25. Nxc6 bxc6 26. hxg4 Bg6 27. Ne3 Rh8 28. Kg2
Nf8 29. Rh1+ Kg8 30. Rxh8+ Kxh8 31. Nf5 Bh7 32. Be3 g6 33. Ne7 f5 34. Qd2 Ne6
35. Rh1 Kg7 36. Bh6+ Kf6 37. Nxc6 f4 38. g5+ Kf5 39. f3 Bg8 40. Ne7# 1-0

[Event "Xtracon Chess Open 2016"]
[Site "Elsinore"]
[Date "2016.07.29"]
[Round "8.32"]
[White "Hinrichs, Lars"]
[Black "Sipila, Vilka"]
[Result "0-1"]
[WhiteElo "2157"]
[BlackElo "2458"]
[PlyCount "74"]
[EventDate "2016.07.23"]

1. e4 e6 2. d4 d5 3. Nc3 Bb4 4. e5 b6 5. a3 Bf8 6. f4 Ne7 7. Nf3 Nf5 8. Bd3 Ba6
9. Bxa6 Nxa6 10. Qd3 Nb8 11. Nd1 c5 12. c3 c4 13. Qc2 Nc6 14. Ne3 g6 15. Kf2
Na5 16. g4 Nb3 17. Rb1 Nh4 18. Bd2 Be7 19. Nxh4 Bxh4+ 20. Kg2 f5 21. exf6 Bxf6
22. Rbe1 Qd6 23. Rhf1 O-O-O 24. Kh1 Rde8 25. Bc1 Rhf8 26. Qg2 Bh4 27. Rd1 Nxc1
28. Rxc1 Rxf4 29. g5 Ref8 30. Ng4 R8f5 31. Ne5 Qf8 32. Rxf4 Rxf4 33. Nxc4 Rf2
34. Qh3 dxc4 35. Qxe6+ Kc7 36. Qe5+ Qd6 37. Qg7+ Kc6 0-1

[Event "Xtracon Chess Open 2016"]
[Site "Elsinore"]
[Date "2016.07.29"]
[Round "8.33"]
[White "Klings, Peter"]
[Black "Hoi, Carsten"]
[Result "1/2-1/2"]
[WhiteElo "2133"]
[BlackElo "2386"]
[PlyCount "38"]
[EventDate "2016.07.23"]

1. Nf3 g6 2. c4 Bg7 3. Nc3 d6 4. d4 Nf6 5. Bg5 Bg4 6. e3 O-O 7. Be2 h6 8. Bh4
Nbd7 9. h3 Bxf3 10. Bxf3 c6 11. O-O e6 12. b4 d5 13. cxd5 cxd5 14. Na4 Qe7 15.
Qb3 Rfc8 16. Rfc1 Qd8 17. Nc5 b6 18. Nxd7 Qxd7 19. Bxf6 Bxf6 1/2-1/2

[Event "Xtracon Chess Open 2016"]
[Site "Elsinore"]
[Date "2016.07.29"]
[Round "8.34"]
[White "Risting, Eivind Olav"]
[Black "Burrows, Martin P"]
[Result "1-0"]
[WhiteElo "2376"]
[BlackElo "2149"]
[PlyCount "78"]
[EventDate "2016.07.23"]

1. d4 Nf6 2. c4 e6 3. Nc3 Bb4 4. Qc2 d5 5. cxd5 exd5 6. Bg5 c5 7. dxc5 h6 8.
Bh4 O-O 9. e3 Be6 10. Nf3 Nbd7 11. a3 Bxc5 12. Be2 Rc8 13. O-O a6 14. Rfd1 Be7
15. Qd2 Nc5 16. Nd4 Qb6 17. f3 Rfe8 18. b4 Ncd7 19. Rac1 Qa7 20. Bf2 Qb8 21. f4
Ng4 22. Nxe6 Nxf2 23. Kxf2 fxe6 24. Nxd5 Bd8 25. Rxc8 Qxc8 26. Bh5 Rf8 27. Ne7+
Bxe7 28. Qxd7 Qc2+ 29. Rd2 Qc1 30. Rd1 Qb2+ 31. Be2 Bf6 32. Qxe6+ Kh8 33. Rd3
Qa1 34. Bd1 Qb1 35. Qb3 Qc1 36. Qc2 Qa1 37. g3 a5 38. bxa5 Ra8 39. Bf3 Bd8 1-0

[Event "Xtracon Chess Open 2016"]
[Site "Elsinore"]
[Date "2016.07.29"]
[Round "8.35"]
[White "Jensson, Einar Hjalti"]
[Black "Grove, Peter"]
[Result "1-0"]
[WhiteElo "2371"]
[BlackElo "2155"]
[PlyCount "49"]
[EventDate "2016.07.23"]

1. d4 d5 2. c4 dxc4 3. Nf3 a6 4. e3 b5 5. a4 Bb7 6. b3 Nd7 7. bxc4 bxc4 8. Bxc4
e6 9. O-O Ngf6 10. Nc3 Be7 11. Rb1 Qc8 12. Qe2 c5 13. Ba3 cxd4 14. Bxe7 dxc3
15. Ba3 Bxf3 16. gxf3 Ne5 17. Bb3 Qc6 18. e4 g5 19. a5 g4 20. Qd1 Rd8 21. Ba4
Rxd1 22. Rfxd1 Nfd7 23. Bxc6 Nxc6 24. Rb7 Nde5 25. Rc7 1-0

[Event "Xtracon Chess Open 2016"]
[Site "Elsinore"]
[Date "2016.07.29"]
[Round "8.36"]
[White "Brorsen, Jacob Abildlund"]
[Black "Percivaldi, Martin"]
[Result "1/2-1/2"]
[WhiteElo "2112"]
[BlackElo "2347"]
[PlyCount "83"]
[EventDate "2016.07.23"]

1. d4 d5 2. c4 c6 3. Nc3 Nf6 4. e3 a6 5. Nf3 Bf5 6. Bd3 Bxd3 7. Qxd3 e6 8. O-O
Bb4 9. a3 Bxc3 10. bxc3 O-O 11. a4 Nbd7 12. Ba3 Re8 13. Rfb1 Qc7 14. cxd5 cxd5
15. Rb3 Nb6 16. Rab1 Nxa4 17. Rxb7 Qxc3 18. Qxc3 Nxc3 19. R1b6 Nb5 20. Bb4 Rec8
21. h3 Ne8 22. Ne5 f6 23. Nd7 Rc7 24. Nc5 Rxb7 25. Nxb7 Nec7 26. Rc6 Ra7 27.
Na5 e5 28. dxe5 fxe5 29. Bd6 e4 30. Be5 Kf7 31. Kh2 Ne6 32. Rb6 d4 33. exd4
Nexd4 34. Kg3 Ne2+ 35. Kg4 Re7 36. Nc6 Rd7 37. Rxa6 Nc1 38. Kf5 Nd3 39. Rb6
Nd6+ 40. Bxd6 Rxd6 41. Ne5+ Ke7 42. Rb7+ 1/2-1/2

[Event "Xtracon Chess Open 2016"]
[Site "Elsinore"]
[Date "2016.07.29"]
[Round "8.37"]
[White "Petersen, Tom Petri"]
[Black "Royset, Pal"]
[Result "1/2-1/2"]
[WhiteElo "2346"]
[BlackElo "2144"]
[PlyCount "110"]
[EventDate "2016.07.23"]

1. g3 e5 2. Bg2 d5 3. d3 Nc6 4. a3 a5 5. b3 g6 6. Nd2 Bg7 7. e4 Nf6 8. Ngf3 b6
9. O-O dxe4 10. Nxe4 Nxe4 11. dxe4 Ba6 12. Re1 Qe7 13. Bg5 f6 14. Qd5 Bb7 15.
Be3 Rd8 16. Qc4 Qf7 17. Bf1 Qxc4 18. Bxc4 Ke7 19. Rad1 Rxd1 20. Rxd1 Nb8 21.
Nd2 Rd8 22. f3 Ke8 23. b4 axb4 24. axb4 Bf8 25. c3 Nd7 26. h4 Bg7 27. Kf2 Ke7
28. h5 Ra8 29. Bb5 Ra2 30. Bc4 Ra3 31. Nb1 Ra1 32. Bg8 Nf8 33. h6 Bh8 34. Ke2
Bc8 35. Kd3 Be6 36. Bxe6 Nxe6 37. c4 f5 38. Nc3 Rxd1+ 39. Nxd1 f4 40. Bf2 fxg3
41. Bxg3 Nd4 42. f4 exf4 43. Bxf4 Ne6 44. Bg3 Bf6 45. Ne3 Bg5 46. Ng4 Nf4+ 47.
Bxf4 Bxf4 48. e5 Ke6 49. Ke4 Bd2 50. Nf6 Bxh6 51. Nxh7 Bc1 52. b5 Bd2 53. Nf8+
Kf7 54. Nd7 Ke6 55. Nf8+ Kf7 1/2-1/2

[Event "Xtracon Chess Open 2016"]
[Site "Elsinore"]
[Date "2016.07.29"]
[Round "8.38"]
[White "Kramer, Julian"]
[Black "Heinis, Vincent"]
[Result "1/2-1/2"]
[WhiteElo "2341"]
[BlackElo "2131"]
[PlyCount "82"]
[EventDate "2016.07.23"]

1. Nf3 Nf6 2. g3 g6 3. Bg2 Bg7 4. O-O O-O 5. d4 d5 6. c4 c6 7. Nbd2 a5 8. b3 a4
9. Ba3 Na6 10. e3 Re8 11. Ne5 Be6 12. Qe2 c5 13. dxc5 Qc7 14. Nd3 axb3 15. axb3
dxc4 16. bxc4 Nd7 17. Rab1 Naxc5 18. Nxc5 Nxc5 19. Bxc5 Qxc5 20. Rb5 Qd6 21.
Ne4 Qa3 22. Nc5 Bf5 23. e4 Rac8 24. exf5 Rxc5 25. fxg6 hxg6 26. Bxb7 Bf6 27.
Rfb1 Rd8 28. Bd5 Kg7 29. Rb7 Ra5 30. Kg2 Rh8 31. R1b6 Qc3 32. Rb3 Qd4 33. Rf3
Rh5 34. Rxe7 Raxd5 35. Re4 Rde5 36. Rfe3 Rxe4 37. Rxe4 Qc5 38. h4 Rh8 39. Qf3
Rd8 40. Rf4 Qe7 41. h5 Rd6 1/2-1/2

[Event "Xtracon Chess Open 2016"]
[Site "Elsinore"]
[Date "2016.07.29"]
[Round "8.39"]
[White "Buchal, Stephan"]
[Black "Laustsen, Lars"]
[Result "1-0"]
[WhiteElo "2338"]
[BlackElo "2118"]
[PlyCount "59"]
[EventDate "2016.07.23"]

1. e4 c5 2. Nf3 d6 3. Bb5+ Bd7 4. Bxd7+ Qxd7 5. O-O Nf6 6. Qe2 Nc6 7. Rd1 Rc8
8. c3 e6 9. d4 cxd4 10. Bg5 Be7 11. cxd4 d5 12. Bxf6 Bxf6 13. exd5 Qxd5 14. Nc3
Qa5 15. d5 Bxc3 16. dxc6 Bf6 17. cxb7 Rb8 18. Qc4 O-O 19. Rd7 Qb6 20. Qc7 Qxb2
21. Rad1 g6 22. h3 Kg7 23. a4 a5 24. Qc6 Qb3 25. g3 Rfe8 26. R1d3 Qb1+ 27. Kg2
e5 28. Qd5 Re7 29. Rxe7 Bxe7 30. Qxe5+ 1-0

[Event "Xtracon Chess Open 2016"]
[Site "Elsinore"]
[Date "2016.07.29"]
[Round "8.40"]
[White "Flick, Antoine"]
[Black "Nielsen, Thomas Bach"]
[Result "1-0"]
[WhiteElo "2318"]
[BlackElo "2103"]
[PlyCount "81"]
[EventDate "2016.07.23"]

1. d4 f5 2. Bg5 c6 3. e3 Qb6 4. b3 d6 5. Bc4 g6 6. Nf3 Nd7 7. O-O Ngf6 8. Nbd2
d5 9. Be2 Bg7 10. c4 e6 11. Qc2 O-O 12. Rab1 Ne4 13. Bf4 Qd8 14. b4 Ndf6 15. b5
Nxd2 16. Nxd2 Ne4 17. bxc6 bxc6 18. Nxe4 fxe4 19. cxd5 cxd5 20. Qc6 Bd7 21. Qd6
Rf7 22. Rfc1 Bf8 23. Qa6 Rc8 24. Bg4 Rxc1+ 25. Rxc1 Qe7 26. Rc7 Kg7 27. Be5+
Kh6 28. h3 Bg7 29. Bg3 g5 30. Qxa7 Kg6 31. Be2 Qe8 32. a4 h5 33. Bb5 h4 34.
Bxd7 Qe7 35. Be8 Qxe8 36. Rxf7 Qxf7 37. Qxf7+ Kxf7 38. a5 hxg3 39. a6 gxf2+ 40.
Kxf2 Bxd4 41. exd4 1-0

[Event "Xtracon Chess Open 2016"]
[Site "Elsinore"]
[Date "2016.07.29"]
[Round "8.41"]
[White "Kovachev, Daniel Jacobsen"]
[Black "Holleland, Sigve"]
[Result "1-0"]
[WhiteElo "2315"]
[BlackElo "2087"]
[PlyCount "93"]
[EventDate "2016.07.23"]

1. e4 c6 2. c4 d5 3. cxd5 cxd5 4. exd5 Nf6 5. Nc3 Nxd5 6. Nf3 e6 7. Bc4 Nb6 8.
Bb3 Be7 9. d4 Nc6 10. a3 Bf6 11. Be3 Nd5 12. Ne4 Nxe3 13. Nxf6+ Qxf6 14. fxe3
O-O 15. O-O Qe7 16. Rc1 e5 17. Nxe5 Nxe5 18. dxe5 Be6 19. Bc2 Qg5 20. Qd4 Rfd8
21. Qf4 Qe7 22. Rfd1 Rxd1+ 23. Rxd1 Rc8 24. Bf5 g6 25. Be4 b6 26. h3 Qc5 27. h4
h5 28. Rd6 Re8 29. Bc6 Rf8 30. Kh2 Qc1 31. Qg5 Kg7 32. Qf6+ Kh7 33. Bf3 Rg8 34.
Qg5 Qxb2 35. Be4 Bf5 36. Qf4 Bxe4 37. Qxe4 Qxa3 38. Rd7 Rg7 39. Rd8 Qe7 40. Qd4
Qe6 41. Rd6 Qa2 42. Rd7 a5 43. Qxb6 a4 44. Ra7 g5 45. Qf6 Qe6 46. hxg5 Qg4 47.
Qh6+ 1-0

[Event "Xtracon Chess Open 2016"]
[Site "Elsinore"]
[Date "2016.07.29"]
[Round "8.42"]
[White "Nielsen, Hogni Egilstoft"]
[Black "Fossan, Andreas"]
[Result "1/2-1/2"]
[WhiteElo "2301"]
[BlackElo "2071"]
[PlyCount "34"]
[EventDate "2016.07.23"]

1. e4 e6 2. d4 d5 3. Nd2 Nf6 4. e5 Nfd7 5. Bd3 c5 6. c3 Nc6 7. Ne2 cxd4 8. cxd4
f6 9. exf6 Nxf6 10. Nf3 Bd6 11. O-O O-O 12. Bg5 Qc7 13. Bh4 Bd7 14. Bg3 Nh5 15.
Nc3 Nxg3 16. hxg3 Be7 17. Qd2 Rae8 1/2-1/2

[Event "Xtracon Chess Open 2016"]
[Site "Elsinore"]
[Date "2016.07.29"]
[Round "8.43"]
[White "Rostgaard, Tobias Valentin"]
[Black "Jessen, Alexander"]
[Result "1-0"]
[WhiteElo "2287"]
[BlackElo "2014"]
[PlyCount "117"]
[EventDate "2016.07.23"]

1. c4 c6 2. e4 d5 3. exd5 cxd5 4. d4 Nf6 5. Nc3 e6 6. Nf3 Be7 7. a3 O-O 8. c5
b6 9. cxb6 axb6 10. Bd3 Nc6 11. O-O Ba6 12. Bxa6 Rxa6 13. Qd3 Ra8 14. Bf4 Rc8
15. b4 Ne8 16. Rfc1 Nd6 17. Bxd6 Bxd6 18. Nb5 Bb8 19. Rc3 Ne7 20. Rac1 Qd7 21.
a4 f6 22. Qc2 Rxc3 23. Qxc3 Rc8 24. Qe1 Rxc1 25. Qxc1 Qc6 26. Qa3 Qc2 27. Ne1
Qd1 28. Kf1 Bf4 29. Nc3 Qxd4 30. a5 bxa5 31. bxa5 Nc6 32. a6 Qc4+ 33. Ne2 Bb8
34. Nf3 e5 35. Nd2 Qb5 36. Ke1 Qb4 37. Qh3 Ne7 38. Qd7 Ng6 39. a7 Bxa7 40. Qxa7
d4 41. Qa2+ Kf8 42. Qa8+ Kf7 43. Qd5+ Kf8 44. f4 Ne7 45. Qa8+ Kf7 46. fxe5 fxe5
47. Qa2+ Kf8 48. Qc2 h6 49. Qe4 Qa5 50. Nc1 Qc3 51. Nd3 Nc6 52. Nxe5 Nb4 53.
Qf3+ Ke7 54. Qf7+ Kd6 55. Nec4+ Kc5 56. Qa7+ Kc6 57. Qb6+ Kd7 58. Ne5+ Ke7 59.
Qxb4+ 1-0

[Event "Xtracon Chess Open 2016"]
[Site "Elsinore"]
[Date "2016.07.29"]
[Round "8.44"]
[White "Holm, Ragnar"]
[Black "Larsen, Peter"]
[Result "0-1"]
[WhiteElo "2104"]
[BlackElo "2265"]
[PlyCount "96"]
[EventDate "2016.07.23"]

1. d4 Nf6 2. c4 c5 3. d5 b5 4. cxb5 a6 5. b6 e6 6. Nc3 Nxd5 7. Nxd5 exd5 8.
Qxd5 Nc6 9. Nf3 Rb8 10. e4 Be7 11. Bc4 O-O 12. O-O Rxb6 13. Qh5 Qe8 14. e5 Nb4
15. b3 Bb7 16. a3 Nc2 17. Ra2 Be4 18. Rd1 Qa8 19. Rxd7 Rg6 20. Rxe7 Bxf3 21.
Qxg6 hxg6 22. Rxc2 Bd5 23. Rd7 Bxc4 24. Rxc4 Rd8 25. Rxd8+ Qxd8 26. h3 Qd5 27.
Be3 Qd1+ 28. Kh2 Qxb3 29. Rxc5 Qxa3 30. Rc8+ Kh7 31. Ra8 Qa1 32. g3 Qa2 33. Ra7
g5 34. Kg2 Kg6 35. Kf3 Qd5+ 36. Ke2 Kh5 37. Re7 Qb5+ 38. Kf3 Qc6+ 39. Ke2 g4
40. hxg4+ Kxg4 41. Ra7 Qc4+ 42. Kd2 Kf3 43. Kd1 a5 44. Kd2 a4 45. e6 Qa2+ 46.
Kd3 Qxe6 47. Bd4 g6 48. Kd2 Qc4 0-1

[Event "Xtracon Chess Open 2016"]
[Site "Elsinore"]
[Date "2016.07.29"]
[Round "8.45"]
[White "Kistrup, Nicolai"]
[Black "Jacobsen, Mikkel Manosri"]
[Result "1-0"]
[WhiteElo "2089"]
[BlackElo "2245"]
[PlyCount "75"]
[EventDate "2016.07.23"]

1. d4 d5 2. Nf3 Nf6 3. c4 c6 4. Nc3 e6 5. Bg5 dxc4 6. e4 b5 7. e5 h6 8. Bh4 g5
9. Nxg5 hxg5 10. Bxg5 Nbd7 11. Qf3 Bb7 12. Bxf6 Nxf6 13. Qxf6 Qxf6 14. exf6
O-O-O 15. O-O-O Rh4 16. g3 Rhxd4 17. Rxd4 Rxd4 18. Bg2 Bh6+ 19. f4 e5 20. Rd1
exf4 21. Bh3+ Kb8 22. Rxd4 fxg3+ 23. Kc2 gxh2 24. Bg2 c5 25. Rd8+ Kc7 26. Nxb5+
Kxd8 27. Bxb7 Bg5 28. Nxa7 Bxf6 29. Nb5 Be5 30. a4 f5 31. a5 Ke7 32. a6 Bb8 33.
Kc3 Kf6 34. a7 Bxa7 35. Nxa7 Kg5 36. Kxc4 Kg4 37. Kd3 f4 38. Ke2 1-0

[Event "Xtracon Chess Open 2016"]
[Site "Elsinore"]
[Date "2016.07.29"]
[Round "8.46"]
[White "Nielsen, Klaus"]
[Black "Thorsbro, Peter"]
[Result "1/2-1/2"]
[WhiteElo "2089"]
[BlackElo "2239"]
[PlyCount "25"]
[EventDate "2016.07.23"]

1. e4 c5 2. Nf3 d6 3. d4 cxd4 4. Nxd4 Nf6 5. Nc3 a6 6. Be2 e6 7. a4 b6 8. O-O
Bb7 9. f3 Nbd7 10. Bg5 Be7 11. Kh1 O-O 12. Qd2 Qc7 13. f4 1/2-1/2

[Event "Xtracon Chess Open 2016"]
[Site "Elsinore"]
[Date "2016.07.29"]
[Round "8.47"]
[White "Brondt, Nicolai Kvist"]
[Black "Rosell, Sven"]
[Result "0-1"]
[WhiteElo "2231"]
[BlackElo "1996"]
[PlyCount "64"]
[EventDate "2016.07.23"]

1. d4 Nf6 2. Nf3 g6 3. c4 Bg7 4. Nc3 O-O 5. Bg5 c5 6. d5 h6 7. Bh4 d6 8. Nd2 g5
9. Bg3 Nh5 10. e3 Nxg3 11. hxg3 Nd7 12. g4 Ne5 13. Be2 f5 14. gxf5 Bxf5 15.
Nde4 a6 16. Qd2 Rb8 17. Ng3 Bh7 18. Nh5 b5 19. Nxg7 Kxg7 20. cxb5 axb5 21. Nxb5
Qd7 22. a4 Qf5 23. O-O g4 24. Nc7 Nf3+ 25. gxf3 gxf3 26. Bxf3 Qxf3 27. Qd1 Qh3
28. Ne6+ Kh8 29. Nxf8 Rxf8 30. f3 Rg8+ 31. Kf2 Rg2+ 32. Ke1 Qg3+ 0-1